| 000 -LEADER | |
|---|---|
| fixed length control field | 00416nam a22001697a 4500 |
| 005 - DATE AND TIME OF LATEST TRANSACTION | |
| control field | 20180625103301.0 |
| 008 - FIXED-LENGTH DATA ELEMENTS--GENERAL INFORMATION | |
| fixed length control field | 160601b xxu||||| |||| 00| 0 eng d |
| 020 ## - INTERNATIONAL STANDARD BOOK NUMBER | |
| ISBN | 0-07-462094-0 |
| 041 ## - LANGUAGE CODE | |
| Language code of text/sound track or separate title | eng |
| 082 ## - DEWEY DECIMAL CLASSIFICATION NUMBER | |
| Item number | 6752 |
| Classification number | 658 |
| 100 ## - MAIN ENTRY--AUTHOR NAME | |
| Personal name | Burton,and others |
| 245 ## - TITLE STATEMENT | |
| Title | Management Today Principles & Practice |
| 260 ## - PUBLICATION, DISTRIBUTION, ETC. (IMPRINT) | |
| Place of publication | New Delhi |
| Name of publisher | Tata Mc G. |
| 300 ## - PHYSICAL DESCRIPTION | |
| Number of Pages | 583 |
| 650 ## - SUBJECT ADDED ENTRY--TOPICAL TERM | |
| Topical Term | Management |
| 942 ## - ADDED ENTRY ELEMENTS (KOHA) | |
| Koha item type | Books |
| Lost status | Damaged status | Home library | Shelving location | Date acquired | Cost, normal purchase price | Full call number | Accession Number | Koha item type | Collection code | Current library |
|---|---|---|---|---|---|---|---|---|---|---|
| JRU Library | SHELF-65-H | 01/06/2016 | 195.00 | 658 | 6752 | Books | ||||
| JRU Library | SHELF-65-H | 01/06/2016 | 195.00 | 658 | 6753 | Books | MANAGEMENT | JRU Library | ||
| JRU Library | SHELF-65-H | 01/06/2016 | 195.00 | 658 | 6754 | Books | MANAGEMENT | JRU Library | ||
| JRU Library | SHELF-28-J | 01/06/2016 | 195.00 | 658 | 6755 | Books | Reference |